[Event "MSR_ch16"]
[Site "?"]
[Date "2024.04.06"]
[Round "2.22"]
[White "Geletka, Tomas"]
[Black "Kyselica, Daniel"]
[Result "0-1"]
[BlackElo "1652"]
[WhiteElo "1233"]
[LiveChessVersion "1.4.8"]

1. e4 {[%clk 1:30:57]} c5 {[%clk 1:30:54]} 2. Nc3 {[%clk 1:31:25]} Nc6
{[%clk 1:31:03]} 3. f4 {[%clk 1:31:42]} g6 {[%clk 1:31:04]} 4. Nf3
{[%clk 1:31:10]} Bg7 {[%clk 1:31:10]} 5. Bc4 {[%clk 1:30:51]} e6 {[%clk 1:29:55]}
6. d3 {[%clk 1:29:54]} Nge7 {[%clk 1:29:59]} 7. O-O {[%clk 1:29:28]} d5
{[%clk 1:29:19]} 8. Bb5 {[%clk 1:28:03]} O-O {[%clk 1:27:44]} 9. e5
{[%clk 1:23:59]} a6 {[%clk 1:10:21]} 10. Bxc6 {[%clk 1:23:18]} Nxc6
{[%clk 1:10:48]} 11. Ne2 {[%clk 1:13:35]} f6 {[%clk 1:06:58]} 12. d4
{[%clk 1:13:02]} fxe5 {[%clk 0:57:25]} 13. fxe5 {[%clk 1:12:39]} cxd4
{[%clk 0:55:27]} 14. Nexd4 {[%clk 1:12:14]} Nxe5 {[%clk 0:55:02]} 15. Ng5
{[%clk 0:56:52]} Re8 {[%clk 0:40:49]} 16. c3 {[%clk 0:48:55]} h6 {[%clk 0:39:21]}
17. Ngf3 {[%clk 0:45:19]} Nxf3+ {[%clk 0:39:21]} 18. Rxf3 {[%clk 0:45:27]} e5
{[%clk 0:39:24]} 19. Nb3 {[%clk 0:45:14]} Bg4 {[%clk 0:38:55]} 20. Rf8+
{[%clk 0:43:30]} Rxf8 {[%clk 0:39:03]} 21. Qxg4 {[%clk 0:41:21]} Qb6+
{[%clk 0:39:03]} 22. Nd4 {[%clk 0:41:43]} exd4 {[%clk 0:39:19]} 0-1

[Event "MSR_ch16"]
[Site "?"]
[Date "2024.04.06"]
[Round "2.23"]
[White "Lehocky, Tomas"]
[Black "Slivinsky, Maxim"]
[Result "0-1"]
[BlackElo "1638"]
[WhiteElo "1000"]
[LiveChessVersion "1.4.8"]

1. e4 {[%clk 1:30:57]} c5 {[%clk 1:30:54]} 2. Nf3 {[%clk 1:31:19]} Nc6
{[%clk 1:31:17]} 3. Nc3 {[%clk 1:31:42]} d6 {[%clk 1:30:08]} 4. h3
{[%clk 1:30:57]} Nf6 {[%clk 1:30:13]} 5. Bc4 {[%clk 1:30:22]} e6 {[%clk 1:28:12]}
6. d3 {[%clk 1:28:31]} Be7 {[%clk 1:27:53]} 7. O-O {[%clk 1:27:04]} O-O
{[%clk 1:28:13]} 8. Be3 {[%clk 1:25:38]} d5 {[%clk 1:26:10]} 9. Bb3
{[%clk 1:23:13]} d4 {[%clk 1:26:04]} 10. Bf4 {[%clk 1:21:39]} dxc3 11. bxc3
{[%clk 1:21:50]} Na5 {[%clk 1:22:59]} 12. c4 {[%clk 1:19:29]} Nxb3
{[%clk 1:20:32]} 13. cxb3 {[%clk 1:19:50]} Qb6 {[%clk 1:18:01]} 14. e5
{[%clk 1:17:56]} Nd7 {[%clk 1:16:53]} 15. d4 {[%clk 1:15:43]} cxd4
{[%clk 1:14:43]} 16. Nxd4 {[%clk 1:15:56]} Rd8 {[%clk 1:11:16]} 17. Re1
{[%clk 1:12:34]} Bc5 {[%clk 1:08:25]} 18. Nb5 {[%clk 1:09:07]} Bxf2+
{[%clk 1:08:32]} 19. Kf1 {[%clk 1:08:43]} Bxe1 {[%clk 1:08:56]} 20. Qxe1
{[%clk 1:08:50]} Nf8 {[%clk 1:05:55]} 21. Be3 {[%clk 1:06:57]} Qc6
{[%clk 1:03:06]} 22. Qg3 {[%clk 1:04:59]} Ng6 {[%clk 0:57:21]} 23. Nd4
{[%clk 1:04:11]} Qe4 {[%clk 0:56:51]} 24. Ne2 {[%clk 1:02:38]} Qxe5
{[%clk 0:56:48]} 25. Qxe5 {[%clk 1:01:23]} Nxe5 {[%clk 0:57:09]} 26. Bg5
{[%clk 1:00:21]} f6 {[%clk 0:57:18]} 27. Bf4 {[%clk 1:00:05]} Ng6
{[%clk 0:57:31]} 28. Bc7 {[%clk 0:59:14]} Rd7 {[%clk 0:57:43]} 29. Ba5
{[%clk 0:59:19]} b6 {[%clk 0:58:05]} 30. Bc3 {[%clk 0:59:39]} Bb7
{[%clk 0:58:20]} 31. Ng3 {[%clk 0:59:10]} Rad8 {[%clk 0:58:26]} 32. Ke1
{[%clk 0:59:18]} Bxg2 {[%clk 0:58:40]} 33. Ne2 {[%clk 0:58:40]} Bxh3
{[%clk 0:58:45]} 34. Ng1 {[%clk 0:58:42]} Bg4 {[%clk 0:59:01]} 35. Ne2
{[%clk 0:57:54]} Bxe2 {[%clk 0:58:39]} 36. Kxe2 {[%clk 0:58:10]} Kf7
{[%clk 0:58:52]} 37. Bb4 {[%clk 0:57:59]} Ne5 {[%clk 0:58:31]} 38. Ba3
{[%clk 0:57:26]} h5 {[%clk 0:58:45]} 39. Rh1 {[%clk 0:57:19]} g6 {[%clk 0:58:46]}
40. Bb2 {[%clk 0:57:21]} Rd2+ {[%clk 0:59:06]} 41. Ke3 {[%clk 0:57:07]} Rxb2
{[%clk 0:59:24]} 42. Kf4 {[%clk 0:56:59]} Rxa2 {[%clk 0:59:40]} 43. Rh3
{[%clk 0:57:17]} Rf2+ {[%clk 0:59:44]} 44. Ke3 {[%clk 0:57:28]} Rd3+
{[%clk 0:59:59]} 45. Kxf2 {[%clk 0:57:15]} Rxh3 {[%clk 1:00:23]} 46. Kg2
{[%clk 0:57:21]} Rxb3 0-1

[Event "MSR_ch16"]
[Site "?"]
[Date "2024.04.06"]
[Round "2.24"]
[White "Kluska, Lukas"]
[Black "Liska, Leo"]
[Result "0-1"]
[BlackElo "1361"]
[WhiteElo "1619"]
[LiveChessVersion "1.4.8"]

1. c4 {[%clk 1:30:57]} c6 {[%clk 1:30:54]} 2. Nc3 {[%clk 1:31:20]} d5
{[%clk 1:31:16]} 3. cxd5 {[%clk 1:31:39]} cxd5 {[%clk 1:31:37]} 4. d4
{[%clk 1:32:06]} Nf6 {[%clk 1:31:53]} 5. Bg5 {[%clk 1:31:56]} Ne4
{[%clk 1:31:06]} 6. Nxe4 {[%clk 1:31:55]} dxe4 {[%clk 1:31:29]} 7. e3
{[%clk 1:31:55]} Qa5+ {[%clk 1:31:52]} 8. Qd2 {[%clk 1:32:13]} Qxg5
{[%clk 1:32:14]} 9. Rc1 {[%clk 1:30:57]} Bd7 {[%clk 1:30:22]} 10. Qb4
{[%clk 1:28:48]} Nc6 {[%clk 1:27:09]} 11. Qxb7 {[%clk 1:23:53]} Rb8
{[%clk 1:26:06]} 12. Qc7 {[%clk 1:22:40]} Qa5+ {[%clk 1:26:08]} 13. Qxa5 Nxa5
{[%clk 1:26:33]} 14. b3 {[%clk 1:23:25]} e6 {[%clk 1:26:12]} 15. f3
{[%clk 1:23:25]} Bb4+ {[%clk 1:25:39]} 16. Kf2 {[%clk 1:23:39]} exf3
{[%clk 1:26:01]} 17. Nxf3 {[%clk 1:24:05]} O-O {[%clk 1:25:14]} 18. Rc7
{[%clk 1:22:33]} Rb7 {[%clk 1:25:36]} 19. Rxb7 {[%clk 1:21:28]} Nxb7
{[%clk 1:25:58]} 20. Ne5 {[%clk 1:21:15]} Rd8 {[%clk 1:25:26]} 21. Be2
{[%clk 1:19:06]} Bd6 {[%clk 1:22:39]} 22. Nf3 {[%clk 1:16:42]} Rc8
{[%clk 1:21:57]} 23. Bd3 {[%clk 1:13:49]} h6 {[%clk 1:20:01]} 24. Nd2
{[%clk 1:08:43]} Be7 {[%clk 1:16:47]} 25. Rf1 {[%clk 1:04:37]} Nd6
{[%clk 1:16:17]} 26. a4 {[%clk 1:04:29]} Bc6 {[%clk 1:11:13]} 27. g3
{[%clk 1:02:52]} f5 {[%clk 1:10:31]} 28. Ke2 {[%clk 1:00:49]} Rb8
{[%clk 1:09:01]} 29. Rc1 {[%clk 1:00:46]} Bd5 {[%clk 1:09:26]} 30. Bc2
{[%clk 1:00:42]} Ne4 {[%clk 1:08:06]} 31. Bxe4 {[%clk 1:00:44]} fxe4
{[%clk 1:08:28]} 32. Kf2 {[%clk 0:59:23]} Bd6 {[%clk 1:00:35]} 33. Ke2
{[%clk 0:53:35]} Kf7 {[%clk 0:59:25]} 34. Rf1+ {[%clk 0:52:26]} Ke7
{[%clk 0:56:20]} 35. Rb1 {[%clk 0:52:46]} a5 {[%clk 0:54:59]} 36. Rc1
{[%clk 0:52:24]} Kd7 {[%clk 0:53:31]} 37. Rf1 {[%clk 0:52:28]} Rf8
{[%clk 0:53:51]} 38. Rc1 {[%clk 0:52:39]} Bb4 {[%clk 0:51:52]} 39. Nc4
{[%clk 0:50:42]} Bxc4+ {[%clk 0:51:52]} 40. bxc4 {[%clk 0:51:05]} e5
{[%clk 0:48:50]} 41. c5 {[%clk 0:50:41]} Kc6 {[%clk 0:48:24]} 42. h4
{[%clk 0:50:41]} Rd8 {[%clk 0:46:15]} 43. Rd1 {[%clk 0:50:56]} Bc3
{[%clk 0:44:47]} 44. Rc1 {[%clk 0:50:41]} exd4 {[%clk 0:45:10]} 45. exd4
{[%clk 0:50:55]} Bxd4 {[%clk 0:45:32]} 46. Rd1 {[%clk 0:50:31]} Rd5
{[%clk 0:44:50]} 0-1

[Event "MSR_ch16"]
[Site "?"]
[Date "2024.04.06"]
[Round "2.25"]
[White "Bado, Samuel"]
[Black "Bartos, Andrej"]
[Result "1/2-1/2"]
[BlackElo "1000"]
[WhiteElo "1556"]
[LiveChessVersion "1.4.8"]

1. e4 {[%clk 1:30:55]} e6 {[%clk 1:30:46]} 2. Nf3 {[%clk 1:31:13]} d5
{[%clk 1:31:04]} 3. Nc3 {[%clk 1:30:50]} d4 {[%clk 1:30:13]} 4. Ne2
{[%clk 1:29:52]} c5 {[%clk 1:29:06]} 5. d3 {[%clk 1:29:12]} Nc6 {[%clk 1:29:11]}
6. c3 {[%clk 1:28:48]} e5 {[%clk 1:27:37]} 7. g3 {[%clk 1:28:00]} Nf6
{[%clk 1:19:55]} 8. a3 {[%clk 1:23:45]} b6 {[%clk 1:18:24]} 9. c4
{[%clk 1:23:18]} Be7 {[%clk 1:16:57]} 10. Bg2 {[%clk 1:21:39]} O-O
{[%clk 1:16:03]} 11. Nh4 {[%clk 1:19:17]} Ng4 {[%clk 1:14:16]} 12. Nf5
{[%clk 1:13:59]} g6 {[%clk 1:13:01]} 13. Nxe7+ {[%clk 1:11:44]} Nxe7
{[%clk 1:12:16]} 14. Bg5 {[%clk 1:09:51]} h6 {[%clk 1:10:44]} 15. Bd2
{[%clk 1:09:59]} Bb7 {[%clk 1:10:42]} 16. h3 {[%clk 1:04:56]} Nf6
{[%clk 1:09:15]} 17. Bxh6 {[%clk 1:05:04]} Re8 {[%clk 1:09:30]} 18. Bg5
{[%clk 1:02:44]} Nh7 {[%clk 1:09:28]} 19. h4 {[%clk 1:01:39]} Qd7
{[%clk 1:06:56]} 20. Bh3 {[%clk 1:00:50]} f5 {[%clk 1:07:05]} 21. Qd2
{[%clk 0:58:16]} Nxg5 {[%clk 1:03:14]} 22. Qxg5 {[%clk 0:58:10]} Rf8
{[%clk 1:02:38]} 23. exf5 {[%clk 0:57:04]} Bxh1 {[%clk 1:02:42]} 24. O-O-O
{[%clk 0:56:32]} Qd6 {[%clk 0:58:20]} 25. Rxh1 {[%clk 0:54:57]} Nxf5
{[%clk 0:55:16]} 26. h5 {[%clk 0:52:30]} Ne7 {[%clk 0:50:06]} 27. f4
{[%clk 0:51:24]} Qf6 {[%clk 0:46:00]} 28. Qxf6 {[%clk 0:50:15]} Rxf6
{[%clk 0:48:02]} 29. g4 {[%clk 0:48:59]} exf4 {[%clk 0:47:26]} 30. g5
{[%clk 0:48:25]} Rff8 {[%clk 0:47:22]} 31. Be6+ {[%clk 0:47:02]} Kg7
{[%clk 0:47:01]} 32. h6+ {[%clk 0:45:55]} Kh7 {[%clk 0:46:42]} 33. Rf1
{[%clk 0:43:47]} f3 {[%clk 0:42:25]} 34. Ng1 {[%clk 0:43:59]} f2 {[%clk 0:42:44]}
35. Nh3 {[%clk 0:44:05]} Rae8 {[%clk 0:42:59]} 36. Kd2 {[%clk 0:40:14]} Nf5
{[%clk 0:42:49]} 37. Bxf5 {[%clk 0:39:14]} Rxf5 {[%clk 0:42:59]} 38. Rxf2
{[%clk 0:39:11]} Rxf2+ {[%clk 0:43:09]} 39. Nxf2 {[%clk 0:39:35]} Re5
{[%clk 0:43:08]} 40. Ne4 {[%clk 0:39:30]} Rf5 {[%clk 0:42:43]} 41. b4
{[%clk 0:37:21]} cxb4 {[%clk 0:39:28]} 42. axb4 {[%clk 0:37:32]} a6
{[%clk 0:39:04]} 43. c5 {[%clk 0:34:48]} Re5 {[%clk 0:36:34]} 44. c6
{[%clk 0:31:28]} Re6 {[%clk 0:34:47]} 45. c7 {[%clk 0:30:43]} Rc6
{[%clk 0:34:37]} 46. Nf6+ {[%clk 0:30:40]} Kh8 {[%clk 0:34:45]} 47. Nd5
{[%clk 0:30:20]} a5 {[%clk 0:34:11]} 48. Nxb6 {[%clk 0:28:16]} Rxc7
{[%clk 0:33:20]} 49. bxa5 {[%clk 0:28:28]} Ra7 {[%clk 0:31:36]} 50. Nc4
{[%clk 0:28:36]} Ra6 {[%clk 0:31:19]} 51. Kc2 {[%clk 0:28:33]} Ra8
{[%clk 0:31:04]} 52. Kb3 {[%clk 0:28:45]} Rb8+ {[%clk 0:31:06]} 53. Ka4
{[%clk 0:28:19]} Ra8 {[%clk 0:30:48]} 54. Kb5 {[%clk 0:28:17]} Rb8+
{[%clk 0:31:11]} 55. Kc5 {[%clk 0:28:35]} Rb3 {[%clk 0:31:02]} 56. Kxd4
{[%clk 0:28:46]} Rb5 {[%clk 0:31:09]} 57. Kc3 {[%clk 0:23:51]} Kh7
{[%clk 0:31:14]} 58. d4 {[%clk 0:20:53]} Rxg5 {[%clk 0:28:45]} 59. Ne5
{[%clk 0:21:06]} Rf5 {[%clk 0:28:31]} 60. Kc4 {[%clk 0:20:44]} Kxh6
{[%clk 0:27:28]} 61. a6 {[%clk 0:19:51]} Rf8 {[%clk 0:27:33]} 62. a7
{[%clk 0:19:39]} g5 {[%clk 0:27:41]} 63. Kc5 {[%clk 0:19:16]} Kh5
{[%clk 0:27:56]} 64. d5 {[%clk 0:17:55]} g4 {[%clk 0:28:11]} 65. Nxg4
{[%clk 0:17:39]} Kxg4 {[%clk 0:26:25]} 66. d6 {[%clk 0:17:38]} Kf5
{[%clk 0:26:43]} 67. Kc6 {[%clk 0:15:24]} Ke6 {[%clk 0:26:33]} 68. Kc7
{[%clk 0:14:05]} Rf7+ {[%clk 0:24:26]} 69. Kb8 {[%clk 0:14:06]} Rf8+
{[%clk 0:24:46]} 70. Kc7 {[%clk 0:13:44]} Rf7+ {[%clk 0:25:03]} 71. Kb8
{[%clk 0:13:55]} Rf8+ {[%clk 0:25:24]} 72. Kc7 {[%clk 0:14:09]} Rg8
{[%clk 0:25:32]} 73. d7 {[%clk 0:13:45]} Ke7 {[%clk 0:25:27]} 74. Kb7
{[%clk 0:12:46]} Kxd7 {[%clk 0:25:38]} 75. a8=Q {[%clk 0:12:55]} Rxa8
{[%clk 0:25:33]} 76. Kxa8 {[%clk 0:13:13]} 1/2-1/2